Josman - DOM PERIGNON CRYING - Statistiques

Statistiques générales
  • Ce quiz a été pris 185 fois
  • Le résultat moyen est 8 sur 13
Statistiques - réponses
Réponse % Correct
DOM PERIGNON CRYING
87%
PANORAMA
81%
TENDU
78%
Le Crapaud
73%
MATEUS
62%
SPOTLIGHTS
60%
L'EAU
57%
NEW VILLA
56%
PLATINUM SNIPER
56%
FVCKED UP V
55%
SLOPPY TOPPY
54%
NERVEUX 72bpm
50%
AF LA PREMIÈRE
49%
Aucun quiz correspondant
Distribution des résultats
% des personnes avec chaque résultat
Percentile par nombre de réponses
Votre historique - résultats
Vous n’avez pas pris ce quiz